Pelajes del caballo : genética y transmisión /

Guardado en:
Autor Principal: Vila, Fernando
Formato: Libro
Publicado: Montevideo : Hemisferio Sur, 2004
Materias:
Etiquetas: Agregar Etiqueta
Sin Etiquetas, Sea el primero en etiquetar este registro!
LEADER 00865nam a22002055a 4500
001 CEM.cems017239
005 20091119171456.0
008 130507s2004##################000#0#####d
003 CEMS
020 |a 9789974645332 
082 0 4 |a 636.1 
100 1 |a Vila, Fernando 
245 1 0 |a Pelajes del caballo :  |b genética y transmisión /  |c Fernando Vila 
260 |a Montevideo :  |b Hemisferio Sur,  |c 2004 
300 |a 90 p. 
505 0 |a Nociones básicas de genética -- El pelaje del caballo --Influencias en la manifestación del pelaje -- Ejemplos y comentarios finales -- Tabla con algunos pelos y sus genotipos más factibles -- Terminología gaucha utilizada para la denominación de ciertas particularidades de los pelajes 
653 |a Caballos-pelajes 
653 |a Caballos-genética 
653 |a Equinos 
859 |a CEMS  |b BIB. CEMS - Agricultura  |h 636.1  |i V71  |p A0986.09  |t Ej.1